Statistiques concernant Les plus grandes entreprises par secteurs

Cliquez ici pour prendre le quiz!

Statistiques générales

  • Ce quiz a été pris 81 fois
  • Le résultat moyen est 15 sur 216

Statistiques - réponses

SecteursPaysValeurs (en dollars)
ou Capitalisation
Boursière
Entreprises% Correct
États-Unis40,8 mdsCoca-Cola
55%
HabillementÉtats-Unis31 mdsNike
55%
Boissons non alcooliséesÉtats-Unis268 mdsThe Coca-Cola Company
55%
Espagne11 mdsZara
53%
Allemagne15 mdsAdidas
48%
France26 mdsLouis Vuitton
47%
France20,9 mdsDanone
40%
France6,3 mdsLVMH
40%
Électronique grand publicÉtats-Unis2 169 mdsApple
39%
France130,5 mdsCarrefour
39%
Suisse7,9 mdsNestlé
37%
Suisse21,3 mdsNestlé
37%
AlimentaireSuisse93,2 mdsNestlé
37%
États-Unis82 mdsPepsiCo
37%
États-Unis251 mdsPepsiCo
37%
Italie19 mdsGucci
35%
Corée du Sud281 mdsSamsung
34%
France13 mdsDior
32%
France17 mdsChannel
31%
France85,6 mdsAuchan
29%
Grande distributionÉtats-Unis510,3 mdsWalmart
29%
France14 mdsHermès
27%
CosmétiquesFrance33,9 mdsL'Oréal
27%
Japon49 mdsNintendo
27%
Japon100 mdsSony
27%
Éditeurs de jeux vidéoÉtats-Unis1801 mdsMicrosoft
26%
États-Unis1 611 mdsMicrosoft
26%
Sociétés d'électricitéFrance150 mdsEDF
24%
France98 mdsEngie
23%
France85 mdsAXA
19%
France23,1 mdsAdeo / Leroy Merlin
18%
États-Unis1 569 mdsAmazon
18%
Suisse10 mdsRolex
18%
Suisse4,6 mdsLindt
15%
Pays-Bas214 mdsShell
15%
France70,9 mdsCasino
13%
Italie13 mdsFerrero
13%
France27,7 mdsLactalis
13%
Produits laitiersFrance26,7 mdsLactalis
13%
France10 mdsSéphora
13%
Pays-Bas8,3 mdsUnilever
13%
Royaume-Uni / Pays-Bas25,3 mdsUnilever
13%
États-Unis670 mdsFacebook / Meta
11%
Hong Kong37 mdsBudweiser APAC
10%
Japon61 mdsToyota
10%
Sociétés pétrolières et gazièresArabie Saoudite2 132 mdsAramco
8%
France160 mdsTotalEnergies
8%
France49 mdsPernod Ricard
6%
Chine76 millions d'hectolitresTsingtao
6%
Allemagne86 mdsAllianz
5%
États-Unis1 171 mdsAlphabet
5%
Danemark119 millions d'hectolitresCarlsberg
5%
États-Unis8 mdsHershey
5%
ConfiserieÉtats-Unis18 mdsMars
5%
États-Unis41,8 mdsMars
5%
États-Unis56 mdsMonster Beverage Corp
5%
France11 % de la production mondialeOrano
5%
Singapour33 mdsSea
5%
France8 mdsSEB
5%
Chine731 mdsTencent
5%
Chine374 mdsTencent
5%
Royaume-Uni84,3 mdsTesco
5%
États-Unis402 mdsBank of America
3%
France12 mdsCartier
3%
États-Unis14,5 mdsCBS
3%
États-Unis287 mdsChevron
3%
Suède14,3 mdsElectrolux
3%
États-Unis512 mdsExxonMobil
3%
BricolageÉtats-Unis108,2 mdsHome Depot
3%
États-Unis49 mdsKeurig Dr Pepper
3%
Royaume-Uni15,5 mdsKingfisher
3%
Corée du Sud9,7 mdsLG
3%
États-Unis11,8 mdsMondelez
3%
États-Unis29,9 mdsMondelez
3%
États-Unis186 mdsMorgan Stanley
3%
États-Unis326 mdsNVidia
3%
États-Unis57 mdsActivision Blizzard
2%
Hong Kong114 mdsAIA
2%
Chine636 mdsAlibaba
2%
France / Pays-Bas16,8 mdsAltice Europe
2%
Brésil46 mdsAmbev
2%
Inde6,3 mdsAmul
2%
Danemark / Suède13,7 mdsArla Foods
2%
Australie6 % de la production mondialeBHP
2%
États-Unis33 mdsBrown Forman
2%
Royaume-Uni29 mdsCentrica
2%
DivertissementÉtats-Unis94,5 mdsComcast
2%
États-Unis / France4,7 mdsCoty
2%
Royaume-Uni99 mdsDiageo
2%
Allemagne5,2 mdsDMK
2%
États-Unis35 mdsElectronic Arts
2%
Italie149 mdsEnel
2%
Allemagne122 mdsE.ON
2%
États-Unis19 mdsExelon
2%
Japon3,2 mdsEzaki Glico
2%
États-Unis5,1 mdsFastenal
2%
Nouvelle-Zélande14,8 mdsFonterra
2%
France2,7 mdsHachette Livre
2%
Pays-Bas231 millions d'hectolitresHeinekein
2%
Pays-Bas28,7 mdsHeinekein
2%
Pays-Bas52 mdsHeinekein
2%
Espagne57 mdsIberdrola
2%
Chine252 mdsICBC
2%
Brésil68,9 mdsJBS
2%
États-Unis4,4 mdsJohnson&Johnson
2%
Japon5,1 mdsKao
2%
États-Unis121,2 mdsKroger
2%
États-Unis71,3 mdsLowe's
2%
Japon5,9 mdsMeiji
2%
Japon9,7 mdsMeiji
2%
Japon56,6 mdsMitsui
2%
Boissons alcooliséesChine276 mdsMoutai
2%
Chine47 mdsNetEase
2%
Allemagne1,96 Gw produitNordex
2%
Corée du Sud1,8 mdsOrion
2%
Maisons d'éditionsRoyaume-Uni6 mdsPearson
2%
Chine181 mdsPétroChina
2%
Royaume-Uni4,5 mdsPladis
2%
Inde211 mdsReliance Industries
2%
Royaume-Uni5,6 mdsRELX
2%
Canada12 mdsSaputo
2%
France6,6 mdsSavencia
2%
France5,9 mdsSodiaal
2%
États-Unis59,6 mdsSysco
2%
Canada4,9 mdsThomson Reuters
2%
Taïwan378 mdsTSMC
2%
Fabricants d'éoliennesDanemark9,60 Gw produitVestas
2%
Chine39,1 mdsXiamen
2%
Japon77,1 mdsÆon
0%
Chine160 mdsAgricultural Bank of China
0%
Canada5,8 mdsAgropur
0%
Belgique / Pays-Bas74,1 mdsAhold Delhaize
0%
BrasserieBelgique581 millions d'hectolitresAnheuser-Busch InBev
0%
Belgique54,9 mdsAnheuser-Busch InBev
0%
Belgique111 mdsAnheuser-Busch InBev
0%
Mexique15 mdsArca Continental
0%
Russie6 % de la production mondialeARMZ
0%
Japon57 millions d'hectolitresAsahi Group
0%
Allemagne6,9 mdsBeiersdorf
0%
Australie166 mdsBHP Billiton
0%
États-Unis173 mdsCharles Schwab Corporation
0%
États-Unis43,6 mdsCharter Communications
0%
Chine182 mdsChina Construction Bank
0%
Chine8 % de la production mondialeChina General Nuclear Power Corporation
0%
Chine104 mdsChina Life Insurance
0%
Chine199 mdsChina Merchants Bank
0%
Chine112 millions d'hectolitresChina Ressources
0%
États-Unis86 mdsChubb
0%
États-Unis95 mdsCigna
0%
Chine7 % de la production mondialeCNNC
0%
Royaume-Uni27 mdsCoca-Cola Europacific Partners
0%
Mexique26 mdsCoca-Cola FEMSA
0%
Suisse9 mdsCoca-Cola HBC
0%
Japon56 mdsCompagnie d'électricité de Tokyo
0%
Japon28 mdsCompagnie d'électricité du Kansai
0%
États-Unis142 mdsConocoPhillips
0%
États-Unis45 mdsConstellation Brands
0%
Canada59,7 mdsCouche-Tard
0%
Chine1,47 Gw produitCSIC
0%
États-Unis19,3 mdsDairy Farmers of America
0%
Turquie37 millions d'hectolitresEfes Beverage Group
0%
États-Unis114 mdsElevance Health
0%
Chine5,78 Gw produitEnvision Energy
0%
États-Unis14,9 mdsEstée Lauder
0%
Mexique30 mdsFomento Economico Mexicano
0%
Pays-Bas13,6 mdsFrieslandCampina
0%
Royaume-Uni5 mdsFroneri
0%
États-Unis4 % de la production mondialeGeneral Atomics
0%
États-Unis / France7,37 Gw produitGE Renewable Energy
0%
Chine8,25 Gw produitGoldwind
0%
Chine28,5 mdsGree Electric
0%
France40 millions d'hectolitresGroupe Castel
0%
Chine26,8 mdsHaier
0%
Corée du Sud44,3 mdsHanwha
0%
Japon91,6 mdsItochu
0%
BanqueÉtats-Unis494 mdsJPMorgan Chase
0%
Producteurs d'uraniumKazakhstan22 % de la production mondialeKazatomprom
0%
Corée du Sud55 mdsKorea Electric Power Corp.
0%
États-Unis82 mdsMarsh & McLennan Companies
0%
Japon67,8 mdsMarubeni
0%
Chine45,4 mdsMaterials Industry Zhongda Group
0%
Chine13,7 mdsMengniu
0%
ÉlectroménagerChine39,8 mdsMidea Electric
0%
Chine4,50 Gw produitMing Yang Wind Power
0%
TradersJapon127,4 mdsMitsubishi
0%
États-Unis84 millions d'hectolitresMolson Coors Brewing
0%
Allemagne5,7 mdsMüller
0%
Ouzbékistan7 % de la production mondialeNavoi
0%
États-Unis3,3 mdsPenguin Random House
0%
Brésil103 mdsPétrobras
0%
Chine106 mdsPing An Insurance
0%
États-Unis19,4 mdsProcter & Gamble
0%
Australie2 % de la production mondialeRio Tinto
0%
Canada159 mdsRoyal Bank of Canada
0%
États-Unis5,1 mdsSchreiber Foods
0%
Japon61,5 mdsSeven & I Holdings
0%
Chine1,71 Gw produitShanghai Electric
0%
États-Unis17,5 mdsSherwin-Williams
0%
Japon8,7 mdsShiseido
0%
Espagne8,79 Gw produitSiemens Gamesa
0%
Japon20,3 % du marchéSony Music Entertainment
0%
Japon46,9 mdsSumitomo
0%
Japon11 mdsSuntory beverage & Food
0%
États-Unis50,6 mdsTyson Foods
0%
AssuranceÉtats-Unis481 mdsUnitedHealth
0%
Production musicaleFrance / États-Unis31,8 % du marchéUniversal Music Group
0%
Canada9 % de la production mondialeUranium One
0%
États-Unis59,4 mdsWalt Disney Company
0%
États-Unis16 % du marchéWarner Music Group
0%
États-Unis218 mdsWells Fargo
0%
États-Unis21 mdsWhirpool
0%
Chine4,50 Gw produitWindey
0%
Chine83 mdsWuliangye Yibin
0%
Chine30,5 mdsXiamen International Trade Group
0%
Chine33 millions d'hectolitresYanjing
0%
Chine18,2 mdsYili
0%

Distribution des résultats

Percentile par nombre de réponses

% des personnes avec chaque résultat

Votre développement - résultats

Vous n’avez pas pris ce quiz